000 00687nam a2200241Ia 4500
003 OSt
005 20221007074238.0
006 a|||||r|||| 00| 0
007 ta
008 221006b |||||||| |||| 00| 0 eng d
024 _a7,018
037 _cTextual
040 _aFLL
_cFLL
_beng
041 _2eng
_aeng
082 _aXM55:Z73k, K3.18
100 _aFletcher William Meade Au.
_9692799
245 0 _aCyclopedia of the law of private corporations
260 _aMundelein
_bCallaghan & Company Illinois
_c1962
300 _avii,726p
_ccm.
490 _v18
942 _hXM55:Z73k, K3.18
_cTEXL
_2CC
999 _c1151662
_d1151662